[Event "Commonwealth-ch U16"]
[Site "New Delhi"]
[Date "2019.07.01"]
[Round "1.2"]
[White "Ajay, Karthikeyan"]
[Black "Thiyagarajan, Tamilselvi"]
[Result "1-0"]
[WhiteElo "2216"]
[BlackElo "1649"]
[PlyCount "71"]
[EventDate "2019.07.01"]
[EventType "swiss"]
[EventRounds "7"]
[EventCountry "IND"]
[SourceTitle "EXT 2024"]
[Source "ChessBase"]
[SourceDate "2023.10.10"]
[SourceVersion "1"]
[SourceVersionDate "2023.10.10"]
[SourceQuality "1"]

1. d4 Nf6 2. Bf4 g6 3. Nc3 d5 4. e3 Bg7 5. h4 a6 6. Be2 Nbd7 7. h5 c5 8. h6 Bf8 9. g4 e6 10. g5 Ne4 11. Nxe4 dxe4 12. f3 Be7 13. fxe4 cxd4 14. exd4 Bxg5 15. Qd2 Bxf4 16. Qxf4 0-0 17. 0-0-0 b5 18. Nf3 Bb7 19. Bd3 Rc8 20. Kb1 Qc7 21. Qh4 f5 22. Ng5 Rce8 23. Rhf1 Nf6 24. d5 fxe4 25. d6 Qd8 26. Be2 Bd5 27. Qg3 Qd7 28. Qe5 Qd8 29. b3 e3 30. d7 Re7 31. Rxf6 Rxf6 32. Qxf6 Qxd7 33. Qe5 Qa7 34. Rf1 Qb6 35. Qh8+ Kxh8 36. Rf8# 1-0

[Event "Ramco Tech op"]
[Site "Rajapalayam"]
[Date "2018.11.30"]
[Round "3"]
[White "Harikrishnan, A Ra"]
[Black "Thiyagarajan, Tamilselvi"]
[Result "1-0"]
[WhiteElo "2420"]
[BlackElo "1645"]
[PlyCount "115"]
[EventDate "2018.11.29"]
[EventType "swiss"]
[EventRounds "8"]
[EventCountry "IND"]
[SourceTitle "CBM 187 Extra"]
[Source "ChessBase"]
[SourceDate "2018.11.04"]
[SourceVersion "1"]
[SourceVersionDate "2018.11.04"]
[SourceQuality "1"]

1. e4 c5 2. Nf3 d6 3. Bb5+ Bd7 4. Bxd7+ Qxd7 5. 0-0 Nc6 6. c3 Nf6 7. Re1 e6 8. d4 cxd4 9. cxd4 Be7 10. Nc3 0-0 11. h3 Rac8 12. Bf4 Rfd8 13. Qe2 d5 14. e5 Ne4 15. Nxe4 dxe4 16. Qxe4 Nxd4 17. Nxd4 Qxd4 18. Qxd4 Rxd4 19. Be3 Rdd8 20. Bxa7 Rc2 21. Bb6 Rdc8 22. b3 h6 23. Be3 Ba3 24. Kf1 Bb2 25. Rad1 Bxe5 26. Re2 f5 27. Rd8+ Rxd8 28. Rxc2 Rd7 29. Ke2 Kf7 30. a4 Bc7 31. Rd2 Rxd2+ 32. Kxd2 Ke7 33. Kd3 Kd7 34. Kc4 Kc6 35. b4 Bd6 36. b5+ Kc7 37. a5 g5 38. g4 Bf8 39. Bd4 Kb8 40. f3 f4 41. Be5+ Ka7 42. Bc7 Bg7 43. Kc5 Bf8+ 44. Bd6 Bg7 45. Be7 Bc3 46. Bd8 Be5 47. h4 h5 48. gxh5 g4 49. fxg4 f3 50. Bb6+ Kb8 51. Kc4 Bg3 52. h6 Bxh4 53. h7 Bf6 54. g5 Bg7 55. Kd3 e5 56. Ke3 Bh8 57. Kxf3 Bg7 58. Bd8 1-0